Normal view MARC view
  • Supervisor Dr. Ayesha Maqbool

Entry Personal Name

Number of records used in: 17

001 - CONTROL NUMBER

  • control field: 125967

003 - CONTROL NUMBER IDENTIFIER

  • control field: NUST

005 - DATE AND TIME OF LATEST TRANSACTION

  • control field: 20240923094824.0

008 - FIXED-LENGTH DATA ELEMENTS

  • fixed length control field: 240923|| aca||aabn | a|a d

040 ## - CATALOGING SOURCE

  • Original cataloging agency: NUST
  • Transcribing agency: NUST

100 ## - HEADING--PERSONAL NAME

  • Personal name: Supervisor Dr. Ayesha Maqbool

670 ## - SOURCE DATA FOUND

  • Source citation: Work cat.: (NUST): Salahuddin, Absar 125966, Blockchain Based FIR System (BBFS) /, 2024
© 2023 Central Library, National University of Sciences and Technology. All Rights Reserved.